000
00283 a2200133 4500
001
63676
082
_a
533.2 ZUC
090
_c
37675
_d
37675
100
_a
Zucrow, M J
245
_a
Gas Dynamics vol. I
250
_a
1
260
_a
N.Y
_b
John Wiley
_c
1976
300
_a
viii, 772.p
942
_a
NUST-CAE
_k
533.2 ZUC
999
_c
298749
_d
298749